LEADER 01168nam0 2200301 i 450 001 SUN0009340 005 20070626120000.0 010 $a88-14-00808-6 020 $aIT$b87 6028 100 $a20020913d1986 |0itac50 ba 101 $aita 102 $aIT 105 $a|||| ||||| 200 1 $aˆI ‰segretari generali dei ministeri$eamministrazione e politica$e1848-1888$fStefania Rudatis 205 $aMilano : Giuffrè$b1986 210 $aXV$d217 p. ; 24 cm 215 $aIn testa al front.: Istituto per la scienza dell'amministrazione pubblica. 410 1$1001SUN0009437$12001 $aQuaderni I.S.A.P$v23$1210 $aMilano$cGiuffrè. 606 $aSottosegretari di Stato$x1848-1888$2FI$3SUNC005409 620 $dMilano$3SUNL000284 676 $a353.04$v21 700 1$aRudatis$b, Stefania$3SUNV007382$0229785 712 $aGiuffrè$3SUNV001757$4650 801 $aIT$bSOL$c20181231$gRICA 912 $aSUN0009340 950 $aUFFICIO DI BIBLIOTECA DEL DIPARTIMENTO DI GIURISPRUDENZA$d00CONS IV.D.10 23 $e00 4486 20021112 996 $aSegretari generali dei ministeri$9580153 997 $aUNICAMPANIA LEADER 01539nam0 2200361 i 450 001 SUN0126153 005 20200408111704.655 010 $d0.00 017 70$2N$a9783319959900 100 $a20200114d2019 |0engc50 ba 101 $aeng 102 $aCH 105 $a|||| ||||| 200 1 $a*Functional Biopolymers$fMohammad Abu Jafar Mazumder, Heather Sheardown, Amir Al-Ahmed editors 205 $aCham : Springer, 2019 210 $aXVII$d577 p.$cill. ; 24 cm 215 $a Pubblicazione in formato elettronico 410 1$1001SUN0123302$12001 $a*Polymers and Polymeric Composites: A Reference Series$1210 $aCham$cSpringer. 676 $a540$cChimica generale$v22 676 $a620.192$cPolimeri$v22 676 $a610.28$cIngegneria biomedica$v22 676 $a541.2$cChimica teorica$v22 702 1$aMazumder$b, Mohammad A. J.$3SUNV097558 702 1$aSheardown$b, Heather$3SUNV097559 702 1$aAl-Ahmed$b, Amir$3SUNV097560 790 1$aMazumder, Mohammad Abu Jafar$zMazumder, Mohammad A. J.$3SUNV100216 790 1$aMazumder, M. A. J.$zMazumder, Mohammad A. J.$3SUNV103831 801 $aIT$bSOL$c20200803$gRICA 856 4 $uhttps://link.springer.com/referencework/10.1007%2F978-3-319-95990-0#toc 912 $aSUN0126153 950 $aUFFICIO DI BIBLIOTECA DEL DIPARTIMENTO DI SCIENZE E TECNOLOGIE AMBIENTALI BIOLOGICHE E FARMACEUTICHE$d17CONS e-book 2113 $e17BIB2113 104 20200114 996 $aFunctional Biopolymers$91565470 997 $aUNICAMPANIA